[Event "4NCL 2012-13"]
[Site "Hinckley ENG"]
[Date "2013.03.23"]
[Round "7.147"]
[White "McClement, Andrew"]
[Black "Barnes, Michael H"]
[Result "1-0"]
[BlackTitle "FM"]
[WhiteElo "2128"]
[BlackElo "2195"]
[WhiteTeam "Cambridge University"]
[BlackTeam "e2e4.org.uk"]
[WhiteFideId "2400480"]
[BlackFideId "404128"]
[EventDate "2012.11.03"]

1. e4 c5 2. Nf3 e6 3. d4 cxd4 4. Nxd4 Nc6 5. Nc3 Qc7 6. Be3 a6 7. Qd2 Nf6 8.
O-O-O Bb4 9. f3 h5 10. Kb1 b5 11. Bf4 e5 12. Nxc6 Bxc3 13. Qxc3 exf4 14. Qe5+
Qxe5 15. Nxe5 h4 16. a4 Rh5 17. Nd3 bxa4 18. Nxf4 Ra5 19. Bc4 Rb8 20. Rd4 Ke7
21. Rhd1 Rb6 22. Ka2 d6 23. R1d2 Bd7 24. Ne2 Be6 25. Nc3 Nd7 26. Ka3 Nc5 27. Bd5
g5 28. Rb4 Nd7 29. Rxa4 Rc5 30. Rdd4 Ne5 31. h3 a5 32. Rd2 Kf8 33. Ka2 Rb4 34.
Rd4 Bxd5+ 35. exd5 Nc4 36. Rxb4 axb4 37. Ne4 Ra5+ 38. Kb3 Ne3 39. Nxg5 Nxg2 40.
Kxb4 Rc5 41. c4 Ne1 42. Kc3 1-0

[Event "4NCL 2012-13"]
[Site "Hinckley ENG"]
[Date "2013.03.23"]
[Round "7.148"]
[White "Norinkeviciute, Rasa"]
[Black "Chevannes, Sabrina L"]
[Result "0-1"]
[WhiteTitle "WFM"]
[BlackTitle "WFM"]
[WhiteElo "2010"]
[BlackElo "2083"]
[WhiteTeam "e2e4.org.uk"]
[BlackTeam "Cambridge University"]
[WhiteFideId "12801925"]
[BlackFideId "411280"]
[EventDate "2012.11.03"]

1. c4 Nf6 2. g3 g6 3. Bg2 Bg7 4. Nc3 O-O 5. e4 d6 6. Nge2 c5 7. O-O Nc6 8. a3
Bd7 9. Rb1 Nd4 10. h3 Qb6 11. b4 Nxe2+ 12. Qxe2 Qc7 13. bxc5 Qxc5 14. Kh2 Rab8
15. d3 Ng4+ 16. hxg4 Bxc3 17. Rb3 Bd4 18. e5 Qxe5 19. Qxe5 dxe5 20. Rxb7 Rxb7
21. Bxb7 Bxg4 22. f3 Rb8 23. Be4 Bd7 24. f4 exf4 25. gxf4 f5 26. Bg2 Rb3 27. Re1
Kf7 28. Bf1 Bc6 29. Rd1 Bf3 30. Rd2 Rb1 31. Rc2 Bd1 0-1

[Event "4NCL 2012-13"]
[Site "Hinckley ENG"]
[Date "2013.03.23"]
[Round "7.151"]
[White "Jones, Gawain C B"]
[Black "Cooper, John G"]
[Result "1-0"]
[WhiteTitle "GM"]
[BlackTitle "IM"]
[WhiteElo "2644"]
[BlackElo "2343"]
[WhiteTeam "Guildford"]
[BlackTeam "South Wales Dragons"]
[WhiteFideId "409561"]
[BlackFideId "1800027"]
[EventDate "2012.11.03"]

1. d4 e6 2. c4 d5 3. Nc3 c5 4. cxd5 exd5 5. Nf3 Nc6 6. g3 Nf6 7. Bg2 Be7 8. O-O
O-O 9. dxc5 Bxc5 10. a3 h6 11. b4 Bb6 12. Bb2 Bf5 13. Na4 Be4 14. Nxb6 axb6 15.
Bh3 Re8 16. Nd4 Qe7 17. Rc1 Qe5 18. e3 Nh7 19. f3 Bg6 20. Re1 Ng5 21. Bd7 Nxd4
22. Bxd4 Qxd4 23. Bxe8 Qf6 24. f4 Nh3+ 25. Kg2 Be4+ 26. Kxh3 Rxe8 27. g4 Qb2 28.
Qe2 Qxa3 29. Qd2 d4 30. Kh4 d3 31. Rc4 Qa8 32. Kg3 Qd8 33. Rec1 h5 34. h3 Qd7
35. R1c3 Qe6 36. Rd4 Ra8 37. Rcxd3 Ra2 38. Rxe4 Rxd2 39. Rxe6 Rxd3 40. Re8+ Kh7
41. gxh5 Rb3 42. Re4 Rb1 43. Rd4 Rb3 44. Kf3 f6 45. Re4 Rb1 46. Kg4 Rg1+ 47. Kf5
Rh1 48. Re6 Rxh3 49. Kg4 Rh1 50. Rxb6 Re1 51. Kf3 Rh1 52. Rb5 1-0

[Event "4NCL 2012-13"]
[Site "Hinckley ENG"]
[Date "2013.03.23"]
[Round "7.152"]
[White "Zeidler, Sven P."]
[Black "Edouard, Romain"]
[Result "0-1"]
[WhiteTitle "FM"]
[BlackTitle "GM"]
[WhiteElo "2281"]
[BlackElo "2688"]
[WhiteTeam "South Wales Dragons"]
[BlackTeam "Guildford"]
[WhiteFideId "1800604"]
[BlackFideId "633429"]
[EventDate "2012.11.03"]

1. e4 c5 2. f4 d5 3. Nc3 d4 4. Nb1 e5 5. Bc4 exf4 6. Qh5 Nh6 7. Nf3 Nc6 8. Ne5
Qe7 9. Bb5 g6 10. Nxc6 Qxe4+ 11. Qe2 Qxe2+ 12. Kxe2 Bd7 13. Nxd4 cxd4 14. Bxd7+
Kxd7 15. d3 g5 16. Nd2 Be7 17. c4 Rae8 18. Ne4 f5 19. Nf2 Bf6+ 20. Kf1 Ng4 21.
Nxg4 fxg4 22. Kf2 h5 23. Bd2 Ke6 24. Rae1+ Kf5 25. Rxe8 Rxe8 26. Re1 Be5 27. Re4
Re6 28. a4 g3+ 29. hxg3 fxg3+ 30. Kf1 h4 31. b4 g4 32. c5 Rc6 33. Bg5 h3 34.
gxh3 gxh3 35. Be7 g2+ 36. Kg1 h2+ 37. Kxg2 Rg6+ 0-1

[Event "4NCL 2012-13"]
[Site "Hinckley ENG"]
[Date "2013.03.23"]
[Round "7.153"]
[White "Short, Nigel D"]
[Black "Dineley, Richard"]
[Result "1-0"]
[WhiteTitle "GM"]
[WhiteElo "2692"]
[BlackElo "2249"]
[WhiteTeam "Guildford"]
[BlackTeam "South Wales Dragons"]
[WhiteFideId "400025"]
[BlackFideId "1800680"]
[EventDate "2012.11.03"]

1. c4 b6 2. d4 e6 3. e4 Bb7 4. Bd3 Bb4+ 5. Bd2 Bxd2+ 6. Nxd2 Ne7 7. Ngf3 d6 8.
O-O Nd7 9. Re1 Ng6 10. Nf1 O-O 11. Ne3 c5 12. d5 Re8 13. Bc2 Nf6 14. Nd2 exd5
15. cxd5 b5 16. a4 a6 17. b3 Qb6 18. g3 Rad8 19. Ra2 Bc8 20. axb5 axb5 21. Qe2
Ne5 22. Rea1 Neg4 23. Nxg4 Bxg4 24. f3 Bc8 25. Qf2 Bb7 26. Nf1 Ra8 27. Ne3 Rxa2
28. Rxa2 Ra8 29. Rxa8+ Bxa8 30. g4 Bb7 31. g5 Ne8 32. h4 Bc8 33. Kg2 Qa5 34. Qe2
Kf8 35. Kf2 Bd7 36. f4 Qc3 37. Qd3 Qa1 38. Bd1 Qb2+ 39. Kg3 g6 40. Bf3 Qa1 41.
Qd2 Qg1+ 42. Ng2 Qa1 43. b4 c4 44. Ne1 Ke7 45. Nc2 Qb2 46. Bd1 Qb1 47. Kf2 Qb2
48. Qd4 Qc1 49. e5 Bf5 50. Ne3 Bd3 51. Qa7+ Kf8 52. e6 fxe6 53. dxe6 Qb2+ 54.
Kg3 Qg7 55. Qd7 Bf5 56. Nxf5 gxf5 57. Bh5 Qc3+ 58. Bf3 Qg7 59. Qxb5 Qd4 60.
Qxf5+ 1-0

[Event "4NCL 2012-13"]
[Site "Hinckley ENG"]
[Date "2013.03.23"]
[Round "7.154"]
[White "Redmond, John P."]
[Black "Van Kampen, Robin"]
[Result "0-1"]
[BlackTitle "GM"]
[WhiteElo "2236"]
[BlackElo "2574"]
[WhiteTeam "South Wales Dragons"]
[BlackTeam "Guildford"]
[WhiteFideId "2500051"]
[BlackFideId "1020854"]
[EventDate "2012.11.03"]

1. Nf3 g6 2. c4 Bg7 3. Nc3 Nf6 4. e4 d6 5. d4 O-O 6. Be2 e5 7. O-O Nc6 8. d5 Ne7
9. Ne1 Nd7 10. f3 f5 11. g4 Kh8 12. h4 a5 13. Nd3 Ng8 14. g5 Rf7 15. Kg2 f4 16.
Rh1 h6 17. Qg1 Bf8 18. Kf1 Rh7 19. Bd2 Be7 20. Nb5 c6 21. Na3 hxg5 22. hxg5 Bxg5
23. Bc3 cxd5 24. cxd5 Rxh1 25. Qxh1+ Kg7 26. Nb5 Ra6 27. Rc1 Ngf6 28. Ke1 Ne8
29. Qg1 Ra8 30. Bf1 b6 31. a4 Nc5 32. Kd1 Nxa4 33. Bxe5+ dxe5 34. Nxe5 0-1

[Event "4NCL 2012-13"]
[Site "Hinckley ENG"]
[Date "2013.03.23"]
[Round "7.155"]
[White "Smerdon, David"]
[Black "Jameson, David"]
[Result "1-0"]
[WhiteTitle "GM"]
[WhiteElo "2498"]
[BlackElo "2143"]
[WhiteTeam "Guildford"]
[BlackTeam "South Wales Dragons"]
[WhiteFideId "3202305"]
[BlackFideId "1801538"]
[EventDate "2012.11.03"]

1. e4 e5 2. Nf3 Nc6 3. d4 exd4 4. Nxd4 Nf6 5. Nc3 Bb4 6. Nxc6 bxc6 7. Bd3 d5 8.
exd5 cxd5 9. O-O O-O 10. h3 Rb8 11. Qf3 Re8 12. Bf4 Bd6 13. Nb5 Bxf4 14. Qxf4
Rb7 15. b3 Bd7 16. a4 a6 17. Nc3 Rb6 18. Rfe1 Ree6 19. Qd4 Qe7 20. Rxe6 Bxe6 21.
a5 c5 22. Qe5 Qd6 23. f4 Rc6 24. Rd1 Qxe5 25. fxe5 Nd7 26. Nxd5 Bxd5 27. Bf5
Nxe5 28. Rxd5 f6 29. Be4 Rc7 30. Rd8+ Kf7 31. Ra8 Nc6 32. Rxa6 Na7 33. Rb6 g6
34. a6 Ke7 35. Kf2 1-0

[Event "4NCL 2012-13"]
[Site "Hinckley ENG"]
[Date "2013.03.23"]
[Round "7.156"]
[White "James, David"]
[Black "Hebden, Mark L"]
[Result "0-1"]
[WhiteTitle "FM"]
[BlackTitle "GM"]
[WhiteElo "2147"]
[BlackElo "2540"]
[WhiteTeam "South Wales Dragons"]
[BlackTeam "Guildford"]
[WhiteFideId "1800272"]
[BlackFideId "400084"]
[EventDate "2012.11.03"]

1. d4 Nf6 2. Nf3 g6 3. g3 Bg7 4. Bg2 O-O 5. O-O d6 6. Re1 a5 7. a4 Nbd7 8. e4 e5
9. Nc3 b6 10. h3 Bb7 11. d5 Ne8 12. Nh2 f5 13. exf5 gxf5 14. f4 e4 15. g4 Qh4
16. Be3 Nc5 17. Qd2 h6 18. Bd4 Rf7 19. Rad1 Bxd4+ 20. Qxd4 Ng7 21. Rf1 Raf8 22.
Qe3 Bc8 23. Rde1 fxg4 24. hxg4 Bxg4 25. Nxe4 Nf5 26. Qf2 Rg7 27. Qxh4 Nxh4 28.
Nxg4 Rxg4 29. Rf2 Nxa4 30. b3 Nc5 31. Nxc5 dxc5 32. Re4 Rf5 33. Kh2 Rxg2+ 34.
Rxg2+ Nxg2 35. Kxg2 Rxd5 36. Re2 Kf7 37. Kf3 c4 38. Re3 cxb3 39. cxb3 Rd4 0-1

[Event "4NCL 2012-13"]
[Site "Hinckley ENG"]
[Date "2013.03.23"]
[Round "7.158"]
[White "Owens, Megan R"]
[Black "Ciuksyte, Dagne"]
[Result "0-1"]
[BlackTitle "IM"]
[WhiteElo "1847"]
[BlackElo "2354"]
[WhiteTeam "South Wales Dragons"]
[BlackTeam "Guildford 2"]
[WhiteFideId "1801996"]
[BlackFideId "12800619"]
[EventDate "2012.11.03"]

1. c4 c5 2. Nc3 e6 3. Nf3 Nf6 4. g3 b6 5. Bg2 Bb7 6. O-O d6 7. Re1 Nbd7 8. a3 a6
9. b3 Be7 10. Bb2 Qc7 11. d4 cxd4 12. Nxd4 Bxg2 13. Kxg2 O-O 14. e4 Qb7 15. f3
Rac8 16. Rc1 Rfe8 17. Nc2 b5 18. cxb5 axb5 19. Nb4 Nc5 20. Nd3 Nfd7 21. Nxc5
Nxc5 22. b4 Nd7 23. Qe2 Rb8 24. Nd1 Bg5 25. f4 Bf6 26. Bxf6 Nxf6 27. Nf2 Rbc8
28. Red1 Rc6 29. Qd3 Rec8 30. Rxc6 Rxc6 31. Rd2 d5 32. e5 Nd7 33. Nd1 h6 34. Nb2
Rc1 35. Rd1 Rc8 36. Rd2 Qc6 37. Nd1 Nb6 38. Kf2 Qc1 39. Ke2 Rc4 40. Kf2 Na4 41.
Ke2 g6 42. h4 Kg7 43. Kf2 Nc3 44. Nxc3 Rxc3 45. Rd1 Qxa3 0-1

[Event "4NCL 2012-13"]
[Site "Hinckley ENG"]
[Date "2013.03.23"]
[Round "7.161"]
[White "Wells, Peter K"]
[Black "Ghasi, Ameet K"]
[Result "1-0"]
[WhiteTitle "GM"]
[BlackTitle "IM"]
[WhiteElo "2488"]
[BlackElo "2434"]
[WhiteTeam "White Rose"]
[BlackTeam "Warwickshire Select"]
[WhiteFideId "400327"]
[BlackFideId "409200"]
[EventDate "2012.11.03"]

1. e4 g6 2. d4 Bg7 3. Nc3 d6 4. f4 e6 5. Nf3 Ne7 6. Be3 Nd7 7. Qd2 b6 8. Bd3 Bb7
9. f5 gxf5 10. exf5 e5 11. dxe5 Nxe5 12. Nxe5 Bxe5 13. Rf1 Qd7 14. O-O-O f6 15.
Bf4 Bxf4 16. Qxf4 O-O-O 17. Rfe1 Nc6 18. Bb5 a6 19. Bxc6 Bxc6 20. Re6 Bxg2 21.
Ne4 Bxe4 22. Qxe4 d5 23. Qd4 Rhg8 24. a4 a5 25. b3 Rg2 26. h4 Qg7 27. Rde1 Rd7
28. Qc3 Rg1 29. Qc6 Rxe1+ 30. Rxe1 Re7 31. Qa8+ Kd7 32. Qxd5+ Ke8 33. Rd1 Qg4
34. Kb2 Kf8 35. Qd8+ Kf7 36. Rd7 Qe4 37. Qxc7 Rxd7 38. Qxd7+ Kf8 39. Qd8+ Kf7
40. Qc7+ Kg8 41. Qc4+ Qxc4 42. bxc4 1-0

[Event "4NCL 2012-13"]
[Site "Hinckley ENG"]
[Date "2013.03.23"]
[Round "7.162"]
[White "Thomas, Nicholas"]
[Black "McNab, Colin A"]
[Result "1-0"]
[WhiteTitle "FM"]
[BlackTitle "GM"]
[WhiteElo "2283"]
[BlackElo "2455"]
[WhiteTeam "Warwickshire Select"]
[BlackTeam "White Rose"]
[WhiteFideId "402117"]
[BlackFideId "2400030"]
[EventDate "2012.11.03"]

1. e4 g6 2. Nc3 Bg7 3. g3 e5 4. Bg2 Ne7 5. d3 d6 6. Be3 h5 7. h3 Nbc6 8. Qd2 Be6
9. Nf3 d5 10. d4 dxe4 11. Nxe5 Nxe5 12. dxe5 Qxd2+ 13. Bxd2 Bxe5 14. Bxe4 c6 15.
Bg2 O-O-O 16. O-O-O Rhe8 17. Rhe1 Bd4 18. Be3 Bxe3+ 19. Rxe3 Rxd1+ 20. Kxd1 Rd8+
21. Kc1 Kc7 22. Re2 b5 23. a3 a5 24. Rd2 Rxd2 25. Kxd2 h4 26. Ne2 Kd6 27. Nf4 g5
28. Nxe6 Kxe6 29. Kd3 Kd6 30. gxh4 gxh4 31. Ke4 c5 32. Kf4 Ng6+ 33. Kg5 Ke5 34.
Bc6 b4 35. Be8 Nf4 36. Kxh4 f5 37. Bb5 Ne6 38. Kg3 Nd4 39. Bd3 bxa3 40. bxa3 c4
41. Bxc4 Nxc2 42. a4 Nd4 43. h4 Nc6 44. Bb5 Ne7 45. Kf3 Nd5 46. Bc4 Nf6 47. Bd3
Ng4 48. Kg3 Nh6 49. h5 Ng4 50. f3 Nh6 51. Bc4 f4+ 52. Kh4 Kf6 53. Ba2 Kf5 54.
Bb1+ Kf6 55. Bg6 Ng8 56. Kg4 Ne7 57. Be4 Kg7 58. Kxf4 Kh6 59. Bg6 Nd5+ 60. Ke5 1-0

[Event "4NCL 2012-13"]
[Site "Hinckley ENG"]
[Date "2013.03.23"]
[Round "7.163"]
[White "Palliser, Richard J D"]
[Black "Pitcher, John"]
[Result "1/2-1/2"]
[WhiteTitle "IM"]
[WhiteElo "2453"]
[BlackElo "2226"]
[WhiteTeam "White Rose"]
[BlackTeam "Warwickshire Select"]
[WhiteFideId "407372"]
[BlackFideId "411485"]
[EventDate "2012.11.03"]

1. d4 d5 2. c4 c6 3. Nf3 Nf6 4. Nc3 a6 5. c5 Nbd7 6. Bf4 Nh5 7. Bg5 Nhf6 8. e3
g6 9. Be2 Bg7 10. O-O O-O 11. b4 Re8 12. Nd2 e5 13. Bh4 exd4 14. exd4 Nf8 15.
Nb3 Bf5 16. Re1 Qd7 17. Na4 Ra7 18. f3 h5 19. Qd2 Qc7 20. Bg3 Qd8 21. Bd3 Rxe1+
22. Rxe1 Bxd3 23. Qxd3 N6d7 24. Bd6 Ra8 25. g3 b5 26. Nc3 Ne6 27. f4 Qf6 28. Be5
Qf5 29. Qxf5 gxf5 30. Ne2 Bf8 31. Na5 Rc8 32. Nb7 f6 33. Bd6 Nd8 34. Nxd8 Rxd8
35. Bxf8 Nxf8 36. a4 Rb8 37. Ra1 Ne6 38. axb5 axb5 39. Ra7 Re8 40. Kf2 Kf8 41.
Ra6 Rc8 42. Ke3 Ke7 43. Nc3 Kd7 44. Kd3 Nc7 45. Ra2 Ra8 46. Rxa8 1/2-1/2

[Event "4NCL 2012-13"]
[Site "Hinckley ENG"]
[Date "2013.03.23"]
[Round "7.164"]
[White "Mason, Donald J"]
[Black "Buckley, Simon T"]
[Result "1/2-1/2"]
[WhiteElo "2222"]
[BlackElo "2349"]
[WhiteTeam "Warwickshire Select"]
[BlackTeam "White Rose"]
[WhiteFideId "405116"]
[BlackFideId "407410"]
[EventDate "2012.11.03"]

1. d4 e6 2. e4 d5 3. Nd2 Nf6 4. e5 Nfd7 5. c3 c5 6. Bd3 Nc6 7. Ne2 cxd4 8. cxd4
f6 9. Nf4 Nxd4 10. Qh5+ Ke7 11. exf6+ Nxf6 12. Ng6+ hxg6 13. Qxh8 Kf7 14. Qh4 e5
15. Nf3 Nxf3+ 16. gxf3 Bf5 17. Bxf5 gxf5 18. Bg5 Qa5+ 19. Kf1 g6 20. Bxf6 Qa6+
21. Kg2 Qxf6 22. Qxf6+ Kxf6 23. Rac1 Bd6 24. Rhd1 Ke6 25. Rc2 Rd8 26. h3 g5 27.
Rdc1 d4 28. Rc8 Rd7 1/2-1/2

[Event "4NCL 2012-13"]
[Site "Hinckley ENG"]
[Date "2013.03.23"]
[Round "7.165"]
[White "Olsarova, Tereza"]
[Black "Weaving, Richard"]
[Result "0-1"]
[WhiteTitle "WIM"]
[WhiteElo "2267"]
[BlackElo "2176"]
[WhiteTeam "White Rose"]
[BlackTeam "Warwickshire Select"]
[WhiteFideId "325449"]
[BlackFideId "401161"]
[EventDate "2012.11.03"]

1. e4 e5 2. Nf3 Nc6 3. Bb5 Nf6 4. d4 exd4 5. O-O Be7 6. e5 Ne4 7. Nxd4 O-O 8. c3
a6 9. Bxc6 bxc6 10. Qe2 Nc5 11. Be3 Ne6 12. Nxe6 fxe6 13. Nd2 a5 14. Rfd1 Ba6
15. c4 Rf5 16. f4 d5 17. g4 Rf8 18. Qf2 c5 19. cxd5 exd5 20. f5 d4 21. Bf4 Bb7
22. Qg3 c4 23. Nxc4 Qd5 24. f6 gxf6 0-1

[Event "4NCL 2012-13"]
[Site "Hinckley ENG"]
[Date "2013.03.23"]
[Round "7.166"]
[White "Hynes, Anthony M"]
[Black "Adair, James R"]
[Result "0-1"]
[BlackTitle "FM"]
[WhiteElo "2191"]
[BlackElo "2297"]
[WhiteTeam "Warwickshire Select"]
[BlackTeam "White Rose"]
[WhiteFideId "411965"]
[BlackFideId "406252"]
[EventDate "2012.11.03"]

1. e4 c5 2. c3 Nf6 3. e5 Nd5 4. d4 cxd4 5. cxd4 d6 6. Nf3 e6 7. Bc4 Be7 8. O-O
O-O 9. Nc3 Nxc3 10. bxc3 Nd7 11. Qe2 dxe5 12. dxe5 Qc7 13. Qe4 b6 14. Bd3 g6 15.
Qxa8 Bb7 16. Qxa7 Ra8 17. Qxa8+ Bxa8 18. Bd2 Nxe5 19. Be2 Ng4 20. g3 Qb7 21. Bf4
g5 22. h3 gxf4 23. hxg4 fxg3 24. fxg3 Qe4 25. Rae1 Qxg4 26. Kh2 Bd6 27. Ne5 Qg5
28. Ng4 Qh5+ 0-1

[Event "4NCL 2012-13"]
[Site "Hinckley ENG"]
[Date "2013.03.23"]
[Round "7.167"]
[White "Townsend, M Paul"]
[Black "Stepanyan, Henrik"]
[Result "1-0"]
[WhiteElo "2234"]
[BlackElo "2016"]
[WhiteTeam "White Rose"]
[BlackTeam "Warwickshire Select"]
[WhiteFideId "402320"]
[BlackFideId "401030"]
[EventDate "2012.11.03"]

1. d4 d5 2. c4 e6 3. Nf3 Nf6 4. Nc3 Be7 5. Bg5 O-O 6. e3 Nbd7 7. Rc1 h6 8. Bf4
c5 9. dxc5 Nxc5 10. Be2 Nce4 11. O-O Qa5 12. Qc2 Bd7 13. Nxe4 dxe4 14. Nd2 Ba4
15. Nb3 Qb4 16. Rfd1 Rac8 17. Be5 Rfd8 18. Rxd8+ Bxd8 19. Rd1 Be7 20. Qc3 b5 21.
Qxb4 Bxb4 22. cxb5 Rc2 23. Rd8+ Kh7 24. Bd1 Bxb3 25. Bxc2 Bxc2 26. Bd4 Ba5 27.
Rb8 Nd5 28. Bxa7 Bd3 29. Bc5 Kg6 30. b6 Ba6 1-0

[Event "4NCL 2012-13"]
[Site "Hinckley ENG"]
[Date "2013.03.23"]
[Round "7.168"]
[White "James, Ann-Marie"]
[Black "Gayson, Peter M"]
[Result "0-1"]
[WhiteTitle "WFM"]
[WhiteElo "2051"]
[BlackElo "2215"]
[WhiteTeam "Warwickshire Select"]
[BlackTeam "White Rose"]
[WhiteFideId "403644"]
[BlackFideId "401838"]
[EventDate "2012.11.03"]

1. e4 c5 2. c3 d5 3. exd5 Qxd5 4. d4 Nc6 5. Nf3 cxd4 6. cxd4 e5 7. Nc3 Bb4 8.
Bd2 Bxc3 9. Bxc3 e4 10. Ne5 Nxe5 11. dxe5 Ne7 12. Be2 O-O 13. O-O Be6 14. Qa4
Bd7 15. Qa3 Qe6 16. Rad1 Bc6 17. h3 Nd5 18. Bg4 Qg6 19. Qd6 Qxd6 20. exd6 Nxc3
21. bxc3 Rad8 22. Rfe1 f5 23. Be2 Rf6 24. Bc4+ Kf8 25. d7 Rxd7 26. Rxd7 Bxd7 27.
Rd1 Ke7 28. Kf1 Rc6 29. Bg8 h6 30. Rc1 Be6 31. Bxe6 Kxe6 32. h4 g5 33. hxg5 hxg5
34. Ke2 Ra6 35. Rc2 Ra3 36. Kd2 Ra5 37. Rb2 b6 38. g3 Rd5+ 39. Ke2 Rd3 40. Rb3
f4 41. gxf4 gxf4 42. Ra3 f3+ 43. Ke1 Rd7 44. Ra4 Ke5 45. Rc4 Rh7 46. Rc8 Rh1+
47. Kd2 Ra1 48. Re8+ Kd5 49. Rd8+ Kc5 50. Ke3 Rxa2 51. Kxe4 Rxf2 52. Rd5+ Kc4
53. Rd7 Kxc3 54. Rxa7 b5 55. Ra1 b4 56. Ke3 Rd2 57. Kxf3 Rd8 58. Ra7 b3 59. Rc7+
Kb2 60. Rb7 Ka2 61. Ra7+ Kb1 62. Rb7 b2 63. Kf4 Ra8 64. Rh7 Ka1 0-1

[Event "4NCL 2012-13"]
[Site "Hinckley ENG"]
[Date "2013.03.23"]
[Round "7.171"]
[White "Thorfinnsson, Bragi"]
[Black "Gormally, Daniel W"]
[Result "1-0"]
[WhiteTitle "IM"]
[BlackTitle "GM"]
[WhiteElo "2484"]
[BlackElo "2507"]
[WhiteTeam "Jutes of Kent"]
[BlackTeam "Blackthorne Russia"]
[WhiteFideId "2300958"]
[BlackFideId "406465"]
[EventDate "2012.11.03"]

1. d4 Nf6 2. c4 e6 3. Nc3 Bb4 4. e3 O-O 5. Ne2 d5 6. a3 Be7 7. cxd5 exd5 8. Ng3
c6 9. Bd3 Bd6 10. Qc2 Re8 11. Bd2 Nbd7 12. Nce2 c5 13. dxc5 Nxc5 14. Bc3 Nfe4
15. Rd1 Nxc3 16. Bxh7+ Kh8 17. bxc3 g6 18. Bxg6 fxg6 19. Qxg6 Be6 20. Nh5 Bf8
21. Nf6 Qe7 22. Qh5+ Kg7 23. Nxd5 Qf7 24. Qe5+ Kh6 25. Rd4 Bf5 1-0

[Event "4NCL 2012-13"]
[Site "Hinckley ENG"]
[Date "2013.03.23"]
[Round "7.172"]
[White "Hunt, Adam C"]
[Black "Gretarsson, Hjorvar Steinn"]
[Result "1/2-1/2"]
[WhiteTitle "IM"]
[BlackTitle "IM"]
[WhiteElo "2431"]
[BlackElo "2516"]
[WhiteTeam "Blackthorne Russia"]
[BlackTeam "Jutes of Kent"]
[WhiteFideId "403970"]
[BlackFideId "2302241"]
[EventDate "2012.11.03"]

1. e4 e5 2. Nf3 Nc6 3. Bb5 a6 4. Ba4 Nf6 5. O-O Be7 6. d3 b5 7. Bb3 d6 8. c3 O-O
9. Re1 Na5 10. Bc2 c5 11. Nbd2 Bb7 12. Nf1 Re8 13. Ng3 g6 14. Bg5 Nd7 15. Bh6
Nf8 16. d4 cxd4 17. cxd4 exd4 18. Nxd4 Bf6 19. b3 d5 20. Nf3 dxe4 21. Nxe4 Bxe4
22. Bxe4 Rc8 23. Qxd8 Rexd8 24. Rac1 Rxc1 25. Rxc1 Bb2 26. Rb1 Bc3 27. g4 Ne6
28. Be3 Rd6 29. Rc1 b4 30. Kf1 Nc6 1/2-1/2

[Event "4NCL 2012-13"]
[Site "Hinckley ENG"]
[Date "2013.03.23"]
[Round "7.173"]
[White "Williams, Simon K"]
[Black "Hunt, Harriet V"]
[Result "1-0"]
[WhiteTitle "GM"]
[BlackTitle "IM"]
[WhiteElo "2511"]
[BlackElo "2450"]
[WhiteTeam "Jutes of Kent"]
[BlackTeam "Blackthorne Russia"]
[WhiteFideId "404454"]
[BlackFideId "403512"]
[EventDate "2012.11.03"]

1. d4 Nf6 2. c4 e6 3. Nf3 b6 4. g3 Ba6 5. Qc2 Bb7 6. Bg2 c5 7. d5 exd5 8. cxd5
Bxd5 9. Nc3 Bc6 10. e4 d6 11. Bf4 Nbd7 12. O-O-O Be7 13. Rxd6 Bxd6 14. Bxd6 Nf8
15. Rd1 N6d7 16. Nd5 Ne6 17. Nh4 g6 18. Qc3 Rg8 19. Ne7 Qxe7 20. Bxe7 Kxe7 21.
Qd2 Nd4 22. Nf3 Rac8 23. Nxd4 cxd4 24. Kb1 Rgd8 25. Qxd4 Nc5 26. Qe5+ Ne6 27.
Rxd8 Rxd8 28. Bh3 Rd6 29. Bxe6 f6 30. Qf4 Kxe6 31. f3 Bb5 32. b3 a5 33. a4 Be2
34. Qe3 Bd3+ 35. Kb2 Ba6 36. f4 Rc6 37. e5 f5 38. Qd2 h5 39. Qd8 Be2 40. Qe8+
Kd5 41. Qd7+ Kc5 42. Kc3 1-0

[Event "4NCL 2012-13"]
[Site "Hinckley ENG"]
[Date "2013.03.23"]
[Round "7.174"]
[White "Ansell, Simon T"]
[Black "Kirk, Ezra"]
[Result "1/2-1/2"]
[WhiteTitle "IM"]
[WhiteElo "2377"]
[BlackElo "2258"]
[WhiteTeam "Blackthorne Russia"]
[BlackTeam "Jutes of Kent"]
[WhiteFideId "402141"]
[BlackFideId "600067"]
[EventDate "2012.11.03"]

1. e4 c5 2. Nf3 Nc6 3. d4 cxd4 4. Nxd4 g6 5. Nc3 Bg7 6. Be3 Nf6 7. Bc4 Qa5 8.
O-O O-O 9. Bb3 d6 10. h3 Bd7 11. Re1 Rfc8 12. Nd5 Nxd5 13. exd5 Ne5 14. Qe2 Qa6
15. Qxa6 bxa6 16. Rad1 Bf6 17. f4 Nc4 18. Bc1 a5 19. Nc6 Bxc6 20. Bxc4 Ba4 21.
b3 Rxc4 22. bxc4 Rc8 23. Be3 Rxc4 24. Rb1 Bxc2 25. Rb8+ Kg7 26. g4 h6 27. Rc1
Bd3 28. Rxc4 Bxc4 29. a4 Bxd5 30. Rb5 Bc4 31. Rb7 e6 32. Rxa7 Bc3 33. Rc7 d5 34.
Bc5 g5 35. Be3 gxf4 36. Bxf4 Bd4+ 37. Kg2 Bb3 38. Bd2 Kg6 39. h4 h5 40. gxh5+
Kxh5 41. Rxf7 Kxh4 42. Rg7 1/2-1/2

[Event "4NCL 2012-13"]
[Site "Hinckley ENG"]
[Date "2013.03.23"]
[Round "7.175"]
[White "Stebbings, Anthony J"]
[Black "Bates, Richard A"]
[Result "0-1"]
[BlackTitle "IM"]
[WhiteElo "2265"]
[BlackElo "2370"]
[WhiteTeam "Jutes of Kent"]
[BlackTeam "Blackthorne Russia"]
[WhiteFideId "402427"]
[BlackFideId "403555"]
[EventDate "2012.11.03"]

1. e4 c5 2. Nf3 d6 3. d4 cxd4 4. Nxd4 Nf6 5. Nc3 a6 6. f4 Qc7 7. Nf3 Nbd7 8. Bd3
b5 9. O-O e5 10. Qe1 g6 11. a3 Bg7 12. Kh1 O-O 13. Qh4 Bb7 14. fxe5 dxe5 15. Bh6
Nh5 16. Bxg7 Kxg7 17. Ng5 Ndf6 18. Rf3 h6 19. Nh3 Rae8 20. Raf1 Qc6 21. Qf2 Qe6
22. Qe3 Rd8 23. Ng1 Nf4 24. Nge2 N6h5 25. Ng3 Nxg3+ 26. hxg3 Nxd3 27. cxd3 f6
28. Kh2 Rd6 29. R3f2 Qd7 30. Rd1 Rd8 31. Rfd2 h5 32. Kg1 Bc6 33. Kh2 a5 34. Ne2
Qg4 35. Qa7+ R8d7 36. Qxa5 h4 37. gxh4 Bxe4 38. Nc1 Qxh4+ 39. Kg1 Bc6 40. Qc3
Qg4 41. Re1 Bb7 42. Rf2 Rd4 43. Qc5 Qg5 44. Qxb5 Rf7 45. Qc5 Rh4 46. Qe3 Qh5 47.
Rfe2 Rd7 48. Rf1 Rh1+ 49. Kf2 Qf5+ 0-1